000 00464nam a22001577a 4500
999 _c4094
_d4094
008 200716b ||||| |||| 00| 0 eng d
082 0 0 _a620.11
_bA421
100 _92750
_aAllcut, E. A.
245 1 0 _aMaterials and their application to engineering design
_cby E. A. Allcut
250 _a2nd ed.
260 _aLondon
_bCharles Griffin & Co
_cxiii,519 p.
300 _axiii, 519 p.
_c13.00
650 0 _aBuilding Materials
700 _93371
_aMiller, E.
942 _cBK